Lebanese Diaspora Quiz Stats

 Plays Quiz not verified by Sporcle

Challenge
Share
Tweet
Embed
Score 0/15 Timer 03:00
0 Plays Today
Number of Lebaneses Country % Correct
440,000United States
98.4%
250,000Canada
94%
10,460United Kingdom
92.7%
7,000,000Brazil
88.1%
1,500,000Argentina
84.5%
500,000Mexico
80.6%
700,000Colombia
79.5%
90,000Chile
78.5%
Number of Lebaneses Country % Correct
340,000Venezuela
76.2%
7,000Israel
74.6%
70,000Uruguay
63%
20,000South Africa
47.4%
20,000Cyprus
31.6%
30,000Senegal
17.6%
4,000Liberia
14%

You're not logged in!

Compare scores with friends on all Sporcle quizzes.
Join for Free
OR
Log In

You Might Also Like...

Show Comments

Extras

Top Quizzes Today


Score Distribution

Your Account Isn't Verified!

In order to create a playlist on Sporcle, you need to verify the email address you used during registration. Go to your Sporcle Settings to finish the process.

Report this User

Report this user for behavior that violates our Community Guidelines.

Details: